01537nam a2200361Ia 4500001001200000003000800012006001900020007001500039008004100054010001700095020001500112020001800127040002100145035002100166050002400187100002500211245013700236260004400373300002400417490007500441504006600516533015200582650004900734650002800783650002700811650004400838655002900882710004000911710001700951830006400968856012601032999001701158ebr10230168CaPaEBRm u cr cn|||||||||071113s2008 gw a sb 001 0 eng d z 2007937522 z3540738789 z9783540738787 aCaPaEBRcCaPaEBR a(OCoLC)20998893514aHB97.3b.E57 2008eb1 aEhrentreich, Norman.10aAgent-based modelingh[electronic resource] :bthe Santa Fe Institute artificial stock market model revisited /cNorman Ehrentreich. aBerlin ;aNew York :bSpringer,cc2008. axvi, 230 p. :bill.1 aLecture notes in economics and mathematical systems,x0075-8442 ;v602 aIncludes bibliographical references (p. [195]-225) and index. aElectronic reproduction.bPalo Alto, Calif. :cebrary,d2011.nAvailable via World Wide Web.nAccess may be limited to ebrary affiliated libraries. 0aEquilibrium (Economics)xEconometric models. 0aEvolutionary economics. 0aFinancial engineering. 0aRational expectations (Economic theory) 7aElectronic books.2local2 aSanta Fe Institute (Santa Fe, N.M.)2 aebrary, Inc. 0aLecture notes in economics and mathematical systems ;v602.40uhttp://site.ebrary.com/lib/rucke/Doc?id=10230168zAn electronic book accessible through the World Wide Web; click to view c39317d39317